<?xml version="1.0" encoding="UTF-8"?>
<collection xmlns="http://www.loc.gov/MARC21/slim">
 <record>
  <leader>00510pamaa2200169   4500</leader>
  <controlfield tag="001">0000017475</controlfield>
  <controlfield tag="005">20060503090000.0</controlfield>
  <datafield tag="020" ind1="0" ind2="0">
   <subfield code="a">0023628421 </subfield>
  </datafield>
  <datafield tag="082" ind1=" " ind2=" ">
   <subfield code="a">333.85 KES 1994</subfield>
  </datafield>
  <datafield tag="090" ind1="0" ind2="0">
   <subfield code="a">TN145 </subfield>
   <subfield code="b">KES 1994</subfield>
  </datafield>
  <datafield tag="100" ind1="1" ind2="0">
   <subfield code="a">KESLER </subfield>
  </datafield>
  <datafield tag="245" ind1="1" ind2="0">
   <subfield code="a">Mineral resources, economics and the environment  </subfield>
   <subfield code="c">Stephen E. Kesler.</subfield>
  </datafield>
  <datafield tag="260" ind1="0" ind2="0">
   <subfield code="a">New York: </subfield>
   <subfield code="b">Macmillan, </subfield>
   <subfield code="c">1994.</subfield>
  </datafield>
  <datafield tag="300" ind1=" " ind2=" ">
   <subfield code="a">viii, 391p.: </subfield>
   <subfield code="b">29cm.</subfield>
  </datafield>
  <datafield tag="650" ind1="0" ind2="0">
   <subfield code="a">Mines and mineral resources </subfield>
  </datafield>
  <datafield tag="650" ind1="0" ind2="0">
   <subfield code="a">Mineral industries </subfield>
  </datafield>
  <datafield tag="650" ind1="0" ind2="0">
   <subfield code="a">Mineral industries -- </subfield>
   <subfield code="x">Environmental aspects </subfield>
  </datafield>
 </record>
</collection>
